Closest Larger 1M/Capital City to each World Capital, with a Map - Statistics

General Stats
  • This quiz has been taken 87 times
  • The average score is 123 of 196
Answers on the Map
Answers color-coded by a green-red scale on the quiz's map according to % correct below.
 
Answer Stats
Capital D (km) Closest Larger 1M % Correct
Paris 341 London
95%
Washington 330 New York
93%
Madrid 1054 Paris
93%
Kiev 758 Moscow
91%
Lima 3130 Buenos Aires
90%
Montevideo 205 Buenos Aires
90%
Santiago 1139 Buenos Aires
90%
Baghdad 695 Tehran
90%
Baku 541 Tehran
90%
Dhaka 1425 Delhi
88%
Ankara 351 Istanbul
88%
Athens 570 Istanbul
88%
Bucharest 439 Istanbul
88%
London 2500 Istanbul
88%
Beijing 958 Seoul
88%
Pyongyang 194 Seoul
88%
Riyadh 991 Baghdad
86%
Khartoum 1606 Cairo
86%
Amman 494 Cairo
86%
Georgetown 1047 Caracas
86%
Singapore 889 Jakarta
86%
Gaborone 271 Johannesburg
86%
Lusaka 1190 Johannesburg
86%
Maputo 456 Johannesburg
86%
Warsaw 260 Katowice (Berlin 518(
86%
Lisbon 504 Madrid
86%
Buenos Aires 1674 São Paulo
86%
Canberra 241 Sydney
86%
Accra 411 Lagos
84%
Kinshasa 1781 Lagos
84%
Pretoria (Johannesburg) 4483 Lagos
84%
Ottawa 165 Montréal
84%
Seoul 870 Shanghai
84%
Bratislava 55 Vienna
84%
Prague 251 Vienna
84%
Zagreb 266 Vienna
84%
Vientiane 481 Hanoi
83%
Minsk 435 Kiev
83%
San Marino 226 Rome
83%
Vatican City 2 Rome
83%
Mexico City 11319 Tokyo
83%
Sarajevo 199 Belgrade
81%
Budapest 690 Berlin
81%
Sofia 297 Bucharest
81%
Belgrade 316 Budapest
81%
Vienna 217 Budapest
81%
Cairo 3564 Karachi
81%
Tehran 1913 Karachi
81%
Moscow 4177 Karachi
81%
Brazzaville 8 Kinshasa
81%
Luanda 549 Kinshasa
81%
Bogotá 1869 Lima
81%
La Paz 1078 Lima
81%
Tunis 570 Naples
81%
Rome 188 Naples
81%
Oslo 419 Stockholm
81%
Suva 2104 Auckland
79%
Wellington 492 Auckland
79%
Abu Dhabi 125 Dubai
79%
Muscat 380 Dubai
79%
Copenhagen 289 Hamburg
79%
Kampala 503 Nairobi
79%
Mogadishu 1021 Nairobi
79%
Helsinki 300 Saint Petersburg
79%
Stockholm 691 Saint Petersburg
79%
Kuala Lumpur 316 Singapore
79%
Rabat 86 Casablanca
76%
Banjul 169 Dakar
76%
Conakry 706 Dakar
76%
Nouakchott 405 Dakar
76%
Praia 650 Dakar
76%
Delhi 3654 Guangzhou
76%
Jakarta 3319 Guangzhou
76%
Manila 1242 Guangzhou
76%
Tokyo 2903 Guangzhou
76%
Bandar Seri Begawan 1115 Ho Chi Minh City
76%
Phnom Penh 212 Ho Chi Minh City
76%
Guatemala City 1059 Mexico City
76%
Antananarivo 1610 Dar es Salaam
74%
Dodoma 396 Dar es Salaam
74%
Moroni 696 Dar es Salaam
74%
Nairobi 667 Dar es Salaam
74%
Bangkok 1533 Dhaka
74%
Tashkent 754 Kabul
74%
Addis Ababa 987 Khartoum
74%
Tripoli 513 Tunis
74%
Bern 96 Zurich
74%
Vaduz 78 Zurich
74%
Port-au-Prince 257 Santo Domingo
72%
Caracas 938 Santo Domingo
72%
Berlin 450 The Ruhr (Cologne 479)
72%
Algiers 518 Barcelona
71%
San José 871 Guatemala City
71%
San Salvador 174 Guatemala City
71%
Riga 362 Helsinki
71%
Tallinn 82 Helsinki
71%
Pristina 176 Sofia
71%
Lomé 171 Accra
69%
Mbabane 150 Maputo
69%
Amsterdam 56 Rotterdam
69%
Brussels 121 Rotterdam
69%
Ljubljana 117 Zagreb
69%
Bishkek 195 Almaty
67%
Beirut 84 Damascus
67%
Vilnius 172 Minsk
67%
Jerusalem 54 Tel Aviv-Jaffa
67%
Harare 396 Lusaka
66%
Asmara 566 Sana'a
66%
Djibouti 432 Sana'a
66%
Managua 342 San José
66%
Panama City 511 San José
66%
Dushanbe 311 Tashkent
66%
Bangui 783 Yaoundé
66%
Luxembourg 157 Cologne
62%
Juba 513 Kampala
62%
Kigali 376 Kampala
62%
Honiara 1402 Port Moresby
62%
Kuwait City 537 Riyadh
62%
Bamako 920 Abidjan
59%
Dakar 1800 Abidjan
59%
Yamoussoukro 215 Abidjan
59%
Nicosia 243 Beirut
59%
Reykjavík 1339 Glasgow
57%
Lilongwe 515 Harare
57%
Havana 365 Miami
57%
Nassau 300 Miami
57%
Santo Domingo 1337 Miami
57%
Kingston 475 Port-au-Prince
57%
Tbilisi 173 Yerevan
57%
Abuja 340 Kano
55%
N'Djamena 710 Kano
55%
Dublin 221 Liverpool
55%
Niamey 414 Ouagadougou
55%
Bissau 332 Conakry
53%
Freetown 127 Conakry
53%
Victoria 1343 Mogadishu
53%
Asunción 825 Porto Alegre
53%
Tirana 153 Skopje
53%
Brasília 623 Belo Horizonte
52%
Colombo 682 Chennai
52%
Monrovia 359 Freetown
52%
Apia 1151 Suva
52%
Funafuti 1067 Suva
52%
Nukuʻalofa 744 Suva
52%
Port-Vila 1072 Suva
52%
Podgorica 131 Tirana
52%
Port Moresby 2086 Brisbane
50%
Quito 272 Guayaquil
50%
Sana'a 861 Jeddah
50%
Damascus 175 Amman
48%
Port Louis 1056 Antananarivo
48%
Bridgetown 714 Georgetown
48%
Paramaribo 346 Georgetown
48%
Libreville 406 Douala
47%
Malabo 108 Douala
47%
Bujumbura 175 Kigali
43%
Ashgabat 214 Mashhad
43%
São Tomé 303 Libreville
40%
Skopje 78 Pristina
40%
Chișinău 152 Odessa
38%
Maseru 125 Bloemfontein
36%
Windhoek 1168 Bloemfontein
36%
Doha 191 Dammam
34%
Manama 52 Dammam
34%
Tarawa 1871 Honiara
34%
Porto-Novo 14 Cotonou
33%
Yaoundé 925 Ibadan
33%
Taipei 358 Xiamen
33%
Monaco 149 Turin
31%
Islamabad (Rawalpindi) 242 Faisalabad
29%
Hanoi 552 Kunming
29%
Naypyidaw 246 Mandalay
29%
Majuro 661 Tarawa
28%
Yaren 704 Tarawa
28%
Ouagadougou 628 Kumasi
26%
Kathmandu 446 Lucknow
26%
Kingstown 174 Bridgetown
24%
Port-of-Spain 339 Bridgetown
24%
Melekeok 995 Davao
24%
Astana 443 Omsk
24%
Kabul 370 Rawalpindi
24%
Basseterre 95 Saint John's
24%
Roseau 150 Castries
22%
Castries 95 Kingstown
22%
Saint George's 134 Kingstown
22%
Saint John's 443 Kingstown
22%
Yerevan 279 Tabriz
22%
Palikir 1460 Majuro
21%
Belmopan 209 San Pedro Sula
19%
Tegucigalpa 177 San Pedro Sula
19%
Valletta 351 Sousse
17%
Dili 776 Makassar
16%
Male 712 Kochi
12%
Andorra la Vella 121 Toulouse
12%
Ulaanbaatar 839 Baotou
10%
Thimphu 256 Guwahati
7%
No matching quizzes found
Score Distribution
Percent of People with Each Score
Percentile by Number Answered
Your Score History
You have not taken this quiz